02420nkc a2200337za 450000100060000000300040000600500170001000700070002700800410003404000240007510000330009924500410013226000240017330001000019750002990029750001930059650000650078950001340085450001690098850400520115750500400120951001510124951002100140056101310161061000750174165100190181665500320183570000530186785200120192085601500193284533OSt20260323103547.0kh boc250410s19101911sp ||||| ||||||0| i|spa d aM-RABAbspacM-RABA1 aElorza, Lorenzod(1861-1931)10aLopidanab: Ventana del surc/ L. E. c[ca. 1910 – 1911] a1 fotografíab: gelatina de platac; imagen 12 x 16,5 cmc; soporte secundario 21,5 x 26,5 cm aVista de la ventana sur de la iglesia parroquial de la Purificación de Nuestra Señora en Lopidana, compuesta por un arco apuntado y arquivoltas de baquetones con arista y columnas con relieves antropomorfos. Atraviesan la parte inferior del vano, las cubiertas de dos construcciones anexas. aFotografía montada sobre soporte secundario de cartulina azul enmarcada con orla en relieve. Título y numeración manuscrita que hace referencia a la posición en la serie “112”. aSello con monograma del fotógrafo en tinta roja “L.E.” aFechas tomadas de la ejecución del positivo de las fotografías, incluido el soporte secundario. (Soto Madrazo, Javier. 2008). aForma parte de un conjunto de 167 fotografías empleadas por Federico Baráibar Zumárraga para la elaboración del Inventario del Románico en Álava (1911). aBaraibar, F.: "Rincones artísticos", M. 1914. aLopidana.- Ventana del Sur. / L. E. aDescripción tomada de: Soto Madrazo, Javier (2008). Federico Baraibar y el Inventario del Románico en Álava: una caja con 167 fotografías. aEsta colección fue utilizada posteriormente por Cristóbal de Castro para la elaboración y publicación del "Catálogo Monumental de España: provincia de Álava", Madrid, S. de Rivadeneira, 1915. aDonadas junto con la memoria manuscrita a la Academia por el mismo Baraibar (Sesión 12 de febrero de 1912, Archivo: 4-32-1).27aIglesia parroquial de la Purificación de Nuestra Señora (Lopidana) 7aÁlava2embne 0aFotografías de monumentos1 aBaráibar y Zumárraga, Federico d(1851-1918) jFot-221 3Fot-221uhttps://archivoybiblioteca.realacademiabellasartessanfernando.com/cgi-bin/koha/opac-retrieve-file.pl?id=cb94fa34477bc9c0396012af6ed09208